00563nam a2200181Ia 4500020001800000082001900018100001500037245004900052260004800101300001400149440004400163504003600207650002800243650002700271650003200298650003100330700002000361 a0-521-60051-0 a345.0235 MAY-C aMay, Larry 0aCrimes against humanity: a normative account aCambridgebCambridge University Pressc2005 axiii, 310 aCambridge Studies in Philosophy and Law aincludes bibliography and index aCrimes against humanity aInternational offenses aCriminal law, International aInternational criminal law aPostema, Gerald